Qui suis-je? #3 - Statistiques

Statistiques générales
  • Ce quiz a été pris 766 fois
  • Le résultat moyen est 8 sur 10
Statistiques - réponses
Hint Réponse % Correct
Mon village résiste encore et toujours à l'envahisseur. Que dire de plus? Dans mon monde, ça fait 60 ans qu'on est en 50 av. J-C. Je suis blond. On me dit rusé et courageux. Je suis surtout petit, je tiens ce trait de mes parents. Je suis accompagné de mon grand (et gros, mais surtout ne le lui dites pas, il va s'énerver) ami et de son petit chien blanc. Je suis toujours en possession de mon glaive et de ma gourde de potion lors des missions que l'on me confie. On ne sait jamais où et quand on peut tomber sur un Romain. Astérix
99%
Je suis aussi un personnage emblématique du cinéma. Par contre, je ne suis pas un acteur, mais un rôle. Et quel rôle! Pas moins de 8 acteurs ont interprêté mon personnage. Mais je suis d'abord apparu dans les nouvelles d'un certains Ian. Je suis un espion au service du MI6. Je suis également un grand seducteur. Je suis le matricule 007. Je m'appelle ... Désolé je n'ai pas le droit de le dire. Mais vous avez sûrement déjà deviné, n'est-ce-pas? James Bond
98%
Je n'ai pas besoin de présentations. Un roi ne s'abaissera jamais à se présenter au peuple, le peuple se doit de connaître son roi. Cela va sans dire. Je n'ai pas régné plus de 70 ans sur la France pour répondre à ces bêtises. Comme si vous ne me connaissez pas. Vous n'avez jamais ouvert un livre d'Histoire? Diantre, quelle vulgarité! Ce peuple n'est plus ce qu'il était. Avec ma divine personne au pouvoir, 1789 n'aurait été qu'un doux rêve, je vous le dis! Louis XIV
92%
De mon vivant, j'étais la plus belle femme du monde. C'est comme ça qu l'on m'a qualifiée. Je suis une icône incontournable encore aujourd'hui. Ma carrière au cinéma allait bon train. J'ai joué dans des films cultes, adulés par les critiques de l'époque. Mais on ne pouvait pas en dire autant de ma vie privée. Désastreuse! Je n'ai jamais pu trouver le bonheur complet, que ce soit avec mon deuxième mari, un célèbre joueur de baseball, ou avec le Président lui-même. J'abusais d'alcool, pour tout oublier, et de tranquilisants. Je suis morte jeune, à 36 ans. On n'a jamais élucidé si je me suis suicidée, si l'on m'a assassinée ou encore si c'était un accident. Marilyn Monroe
91%
Je n'ai pas grand chose à dire à mon sujet. Je suis italien, ou plutôt italo-américain, et j'ai été inventé par un japonnais. Je suis d'accord, c'est tiré par les cheveux. Et vous n'avez pas encore lu la suite; je dois depuis plus de 30 ans sauver une même princesse (ou presque) d'une même espèce de dinosaure à piquants (ou presque). Je veux bien être le héros du plus célèbre jeux de plateforme au monde, mais il ne faut pas exagérer. À part cela, je suis habillé en rouge... Quoi? Encore? Désolé, je dois m'absenter. J'ai une princesse à sauver... Mario
90%
Je suis certainement l'interpête (ou chanteuse, comme vous préférez) la plus célèbre de France. Ma renommée dépasse les frontières. J'ai offert au monde de la musique des chansons inoubliables. Ma vie, elle, était loin d'être rose. Mon grand amour est mort dans un accident d'avion, j'en ai été anéantie. J'ai du aussi mettre fin prématurément à ma carrière en raison des graves problèmes de santé qui m'assaillaient. Je meurs à 47 ans, d'une rupture d'anévrisme suite à une insuffisance hépatique, conséquence de l'alcool, de la morphine et de la polyarthrite rhumatoïde. Édith Piaf
88%
Je suis un aventurier et un archéologue. Mon nom est Henry Jr.. Ne vous inquiétez pas, ce n'est pas la réponse. Vous imaginez bien qu'un aventurier ne doive pas s'appeler Henry Jr.. C'est ringard. Ce nom, je dois à mon père, Henry. Pour me différencier, j'ai adopté le nom de mon chien. Parmi mes découvertes, il y a l'arche perdue, un temple maudit et le Saint-Graal. C'est un certains Georges qui m'a inventé et j'ai été mis en scène par son ami Steven. Indiana Jones
84%
Je suis... personne ne le sait. Ni ces imbéciles de Scotland Yard à l'époque, ni ces soi-disant experts avec leur technologie qui affirment haut et fort avoir découvert mon vrai nom. Et à chaque fois, c'est une personne différente qui en ressort. La vérité est claire: je suis l'assassin confirmé de six prostituées de Whitechapel. Je les ai toutes égorgées et éviscérées sans le moindre remord. Et personne n'a réussi une seule fois à m'atteindre. Certains pensent que je ne suis qu'une légende inventée par les médias. Qui sait! Ils ont peut-être raison... ou pas. Jack l'Éventreur
79%
Je suis un chef spirituel né au Népal. J'ai vécu 80 ans environ. Par contre, les traditions et les experts de ce monde ne s'accordent pas sur la période à laquelle je vécus. Je suis né dans un bois, je donne mon premier sermont à Sarnath, en Inde, et je meurs dans ce même pays allongé sur le côté. J'ai atteint le nirvana auprès d'un arbre encore debout aujourd'hui. Je ne souhaitais pas fonder une religion selon certains. Mais celle-ci nacquit après ma mort et est encore très pratiquée surtout dans les régions de l'Himalaya. Bouddha
59%
Je suis né à Sceaux, le 8 novembre 1935. Je suis l'un des acteurs français les plus connus non seulement en France mais également au-delà des frontières de mon pays. Pas à Hollywood malheureusement. J'ai tenté ma chance mais j'ai échoué. En Europe (surtout en Italie) et en Asie, j'ai beaucoup de succès. J'ai rivalisé avec De Funès et Belmondo au box-office, et j'ai partagé l'affiche avec des grands noms du cinéma français tels que Jean Gabin ou Simone Signoret. Aujourd'hui, je suis plus calme; j'ai doucement pris une semi-retraite des écrans. Alain Delon
56%
Aucun quiz correspondant
Distribution des résultats
% des personnes avec chaque résultat
Percentile par nombre de réponses
Votre historique - résultats
Vous n’avez pas pris ce quiz